Probiotics, Microbiome and gut Function: (Record no. 188423)

MARC details
000 -LEADER
fixed length control field 00720nam a22002057a 4500
005 - DATE AND TIME OF LATEST TRANSACTION
control field 20220523110322.0
010 ## - LCCN (DPL NO)
LC control number ENG-132763
020 ## - INTERNATIONAL STANDARD BOOK NUMBER
International Standard Book Number 9788131240540
Terms of availability 700.00
035 ## - SYSTEM CONTROL NUMBER
System control number EN-116295
037 ## - SOURCE OF ACQUISITION
Source of stock number/acquisition DBAD/PUB
082 ## - DEWEY DECIMAL CLASSIFICATION NUMBER
Edition number 615.3
245 ## - TITLE STATEMENT
Title Probiotics, Microbiome and gut Function:
Remainder of title Transforming Health and Well-Being/
Statement of responsibility, etc Edited by B.S. Ramakrishna, G. Balakrish Nair and Yoshifumi Takeda
260 ## - PUBLICATION, DISTRIBUTION, ETC. (IMPRINT)
Place of publication, distribution, etc New Delhi
Name of publisher, distributor, etc Reed Elsevier India Private Limited
Date of publication, distribution, etc 2015
270 ## - ADDRESS
Address 305, Rohit House, 3 Tolstoy Marg
City New Delhi
Postal code 110001
300 ## - PHYSICAL DESCRIPTION
Extent iv, 114p.
Dimensions 24cm(hbk)
700 ## - ADDED ENTRY--PERSONAL NAME
Personal name Ramakrishna, B.S.
700 ## - ADDED ENTRY--PERSONAL NAME
Personal name Nair, G. Balakrish
700 ## - ADDED ENTRY--PERSONAL NAME
Personal name Takeda, Yoshifumi
942 ## - ADDED ENTRY ELEMENTS (KOHA)
Source of classification or shelving scheme Dewey Decimal Classification
Item type English Books
Classification part 615.3
Call number suffix PRO
Holdings
Withdrawn status Lost status Not for loan Collection code Home library Current library Date acquired Source of acquisition Cost, normal purchase price Full call number Barcode Copy number Cost, replacement price Koha item type
      Non-fiction Ashok Vihar Ashok Vihar 23/05/2022 DBAD/PUB 700.00 615.3 PRO EN-116295 1 700.00 English Books

© Delhi Public Library
Hit Counter
free hit counter